El trabajo y sus resultados con relación a las diferentes clases de alumnos del Colegio Hispano-Romano de Nuestra Señora de la Esperanza : (Record no. 29262)

MARC details
000 -LEADER
campo de control de longitud fija 00780nam a2200169 i 4500
001 - NÚMERO DE CONTROL
campo de control 29262
003 - IDENTIFICADOR DE NÚMERO DE CONTROL
campo de control ES-MaACL
005 - FECHA Y HORA DE LA ÚLTIMA TRANSACCIÓN
campo de control 20230906154012.0
007 - CAMPO FIJO DE DESCRIPCIÓN FÍSICA--INFORMACIÓN GENERAL
campo de control de longitud fija t|
008 - DATOS DE LONGITUD FIJA--INFORMACIÓN GENERAL
campo de control de longitud fija 030121s1875 sp ||||1| spa d
100 1# - ENTRADA PRINCIPAL--NOMBRE DE PERSONA
Nombre de persona Ballester, Guillermo.
9 (RLIN) 25002
245 13 - MENCIÓN DEL TÍTULO
Título El trabajo y sus resultados con relación a las diferentes clases de alumnos del Colegio Hispano-Romano de Nuestra Señora de la Esperanza :
Resto del título discurso leido el dia 19 de diciembre de 1875 por D. Guillermo Ballester en la solemne distribución de premios.
260 ## - PUBLICACIÓN, DISTRIBUCIÓN, ETC.
Lugar de publicación, distribución, etc. Madrid :
Nombre del editor, distribuidor, etc. [s.n.,
Fecha de publicación, distribución, etc. 1875] (
Fabricante Fortanet)
300 ## - DESCRIPCIÓN FÍSICA
Extensión 32 p. ;
Dimensiones 22 cm.
710 2# - ENTRADA AGREGADA--NOMBRE DE ENTIDAD CORPORATIVA
Nombre de entidad corporativa o nombre de jurisdicción como elemento de entrada Colegio Hispano-Romano de Nuestra Señora de la Esperanza (Madrid)
9 (RLIN) 159466
852 ## - LOCALIZACIÓN
Ubicación ES-MaACL
Número de control de estantería T-207-F-5
Nota libre .- Enc. en un vol. facticio falto de la cub. original
Holdings
Estatus retirado Estado de pérdida Estado de daño No para préstamo Colección Biblioteca de origen Biblioteca actual Ubicación en estantería Fecha de adquisición Fuente de adquisición Total de préstamos Signatura topográfica completa Código de barras Visto por última vez Precio de reemplazo Tipo de ítem Koha
        Colección de folletos Biblioteca del Ateneo de Madrid Biblioteca del Ateneo de Madrid Depósito folletos 17/01/2008     T-207-F-5 1030208 23/02/2023 23/02/2023 Folleto